Mô tả công việc : yêu cầu chuyên môn và các tiêu chuẩn hoàn thành công việc
Sách giới thiệu một khía cạnh cụ thể trong quản lí nguồn nhân lực: tiến hành viết bản mô tả công việc như thế nào, bản yêu cầu chuyên môn và bản tiêu chuẩn kết quả công việc như thế nào ; mô tả chi tiết nhiệm vụ và các kĩ năng cần t...
Salvato in:
| Autore principale: | |
|---|---|
| Natura: | Libro |
| Lingua: | Undetermined |
| Pubblicazione: |
Thành phố Hồ Chí Minh
Trẻ
2001
|
| Soggetti: | |
| Tags: |
Aggiungi Tag
Nessun Tag, puoi essere il primo ad aggiungerne! !
|
| Thư viện lưu trữ: | Trung tâm Học liệu Trường Đại học Cần Thơ |
|---|
| LEADER | 01088nam a2200217Ia 4500 | ||
|---|---|---|---|
| 001 | CTU_43637 | ||
| 008 | 210402s9999 xx 000 0 und d | ||
| 020 | |c 28000 | ||
| 082 | |a 658.3 | ||
| 082 | |b T502 | ||
| 100 | |a Vũ, Văn Tuấn | ||
| 245 | 0 | |a Mô tả công việc : | |
| 245 | 0 | |b yêu cầu chuyên môn và các tiêu chuẩn hoàn thành công việc | |
| 245 | 0 | |c Vũ Văn Tuấn | |
| 260 | |a Thành phố Hồ Chí Minh | ||
| 260 | |b Trẻ | ||
| 260 | |c 2001 | ||
| 520 | |a Sách giới thiệu một khía cạnh cụ thể trong quản lí nguồn nhân lực: tiến hành viết bản mô tả công việc như thế nào, bản yêu cầu chuyên môn và bản tiêu chuẩn kết quả công việc như thế nào ; mô tả chi tiết nhiệm vụ và các kĩ năng cần thiết đối với từng vị trí công việc | ||
| 650 | |a Job analysis,Personnel management | ||
| 904 | |i Minh, H. Mai | ||
| 980 | |a Trung tâm Học liệu Trường Đại học Cần Thơ | ||